000 00317nam a2200121Ia 4500
008 190722s9999 xx 000 0 und d
020 _a978-93-5014-363-6
100 _aM.L.Anand
245 0 _aElectrical Measurements and Measuring instruments
260 _aIndia
_bKatson Books
_c2015
300 _a295
942 _cBK
999 _c1192
_d1192